LEADER 01445nam a2200301 4500 001 000000345873 003 CaOOAMICUS 005 20210510091029.0 008 210510s2011 it 000 u ita r 020 $a978-88-04-60328-3 040 $aSeMil$bita 100 1 $aCazzullo, Aldo,$d<1966- >.$0(OLS)http://semarc/name/29742 245 10$aViva l'Italia! :$bRisorgimento e Resistenza: perché dobbiamo essere orgogliosi della nostra nazione /$cAldo Cazzullo ; [prefazione di Francesco De Gregori]. 264 1$aMilano :$bMondadori,$cristampa 2011. 300 $aX, 157 p. ;$c22 cm 490 1 $aFrecce 650 4$aResistenza.$0(OLS)http://semarc/subject/36302 650 4$aRisorgimento italiano.$0(OLS)http://semarc/subject/4116 650 4$aItalia - Nazionalità - Concetto.$0(OLS)http://semarc/subject/46063 700 1 $aDe Gregori, Francesco,$d<1951- >.$0(OLS)http://semarc/name/113814 830 0$aFrecce.$0(OLS)http://semarc/title/6388 850 $aSeMil 852 $aSeMil$W1$xVenegono$y1$m3M III 303$j226285$B236921$CSeMilBibl$Z2$F236921 $81 961 $aPerego don Stefano - Omaggio 996 $6020$a978-88-04-60328-3$9(OLS)http://semarc/number/293140 996 $6245$aViva l'Italia! :$bRisorgimento e Resistenza: perché dobbiamo essere orgogliosi della nostra nazione$9(OLS)http://semarc/title/435040 996 $6264$aMilano :$bMondadori$9(OLS)http://semarc/publisher/30335 LEADER 01241nam a2200265 i 4500 001 000000100652 003 CaOOAMICUS 005 20160202000000.0 008 160202s1976 it u000 u ita u 013 $a72804 040 $aSeMil$bita 100 1 $aJakob, Georg <1825-1903>.$0(OLS)http://semarc/name/4244 245 12$aL'organo :$bcostruzione dell'organo ed esecuzione organistica dall'antichità ai giorni nostri /$cGeorg Jakob ; traduzione di Mariagrazia Vanni. 260 $aFirenze :$bGiunti Martello,$c1976. 300 $a95 p. :$bill. ;$c21 cm. 490 0 $aStrumenti musicali 650 4$aStrumenti musicali.$0(OLS)http://semarc/subject/15961 650 4$aOrgano .$0(OLS)http://semarc/subject/7094 700 1 $aVanni, Mariagrazia.$0(OLS)http://semarc/name/43480 830 0$aStrumenti musicali.$0(OLS)http://semarc/title/44664 850 $aSeMil 852 $aSeMil$W1$xVenegono$y1$m3Q II 115$j57720$B57720$CSeMilBibl$Z2$F68163 $81 961 $aLascito: Milani don Felice 996 $6245$aL'organo :$bcostruzione dell'organo ed esecuzione organistica dall'antichità ai giorni nostri$9(OLS)http://semarc/title/147757 996 $6260$aFirenze :$bGiunti Martello$9(OLS)http://semarc/publisher/30184